| 000 | 01984nam2a2200289 4500 | ||
|---|---|---|---|
| 001 | RU\NLR\bibl\990877 | ||
| 005 | 20250614221558.0 | ||
| 010 |
_a5-230-04474-8 _9200 |
||
| 021 |
_aRU _b2006-51217 _92529 |
||
| 035 | _a(NLR Aleph) 000978682 | ||
| 090 |
_a445127 _c445127 |
||
| 100 | _a20061004d2005 |||y0rusy50 ca | ||
| 101 | 0 | _arus | |
| 102 | _aRU | ||
| 105 | _aa ||||||||| | ||
| 200 | 1 | _aАвтоматические линии в машиностроении | |
| 210 |
_d2005 _aБ. м. |
||
| 215 |
_a100, [2] с. _cил. |
||
| 320 | _aБиблиогр.: с. 100-102 (25 назв.) | ||
| 461 | 0 |
_1001RU\NLR\bibl\1016481 _12001#$aАвтоматизация производственных процессов в машиностроении$vЧ. 3 _9596806 _aДудкин, Е. В. _cВолгоград _d2005 _e[2-е изд., перераб.] _fЕ.В. Дудкин, С.В. Шостенко, А.А. Яковлев _nПолитехник _oучебное пособие : для студентов высших учебных заведений, обучающихся по направлениям подготовки дипломированных специалистов: "Конструкторско-технологическое обеспечение машиностроительных производств", "Автоматизированные технологии и производства" : [для студентов всех форм обучения по специальностям 1201, 1202 и 2102] _tАвтоматизация производственных процессов в машиностроении _vЧ. 3 |
|
| 606 | 1 |
_aАвтоматические станочные линии _jУчебные издания для высших учебных заведений _91121932 _3RU\NLR\auth\66124841 |
|
| 686 | _aК630.21-52я73-1 | ||
| 801 | 0 |
_aRU _bNLR _c20061004 _grcr |
|
| 801 | 1 |
_aRU _bNLR _c20061004 |
|
| 942 | _cBOOK | ||
| 980 | _aNB | ||